000 00540nam a22001697a 4500
005 20251108171821.0
008 250721s1995 xx 000 0 ara d
082 1 4 _aم/213/أحم
100 1 _aشاكر، أحمد محمد
245 1 0 _aالباعث الحثيث :
_bشرح إختصار علوم الحديث لإبن كثير /
264 1 _aالرياض :
_bدار العاصمة،
_c1995.
300 _a2مج
650 1 7 _aالدين الإسلامي
650 1 7 _aالحديث النبوي
942 _2ddc
_cREF
999 _c63321
_d63321